000 01403nam a22003377a 4500
001 BR8200066
003 BR-BrBNA
005 20230928091224.0
007 ta
008 230509b bl.||||| |||| 00| 0 por d
040 _aBR-BrBNA
_bpor
_cBiblioteca Nacional de Agricultura
041 _a(Por)
072 _aF21; F22
_b3854
_b3830
_b/G514
090 _ 3854 BR8200066
100 1 _aAssumpcao, E. de
110 1 _aEscola Superior de Agricultura Luiz de Queiroz, Piracicaba, SP (Brasil)
_0Tese (Mestre em Microbiologia Agricola)
245 1 _aAcao da populacao microbiana natural de um regossolo do estado de Sao Paulo, influenciada, pela adicao de uma fonte de materia organica sobre um fosfato natural [Biologia do solo; Quimica do solo; Microrganismo; Brasil]
246 1 _a[Action of a natural microbial population from a regosol in the state of Sao Paulo, influenced by the addition of an organic matter source on a natural phosphate [Soil biology; Soil chemistry; Microorganism; Brazil]]
260 3 _aPiracicaba, SP (Brasil):
_c1981.
300 _a39 p.
500 _a7 illus.; Summaries (Eng, Por); Bibliography p. 33-39 (56 ref.)
650 _aBiologia do solo
650 _aQuimica do solo
650 _aFosforo
650 _aMateria organica
650 _aRegossolo
650 _aFosfato
650 _aMicrorganismo
909 _a202309
_bLucia
_c55
_dLucia Elande
942 _cBK
999 _c32913
_d32913